SLAR (Smart Learning Using Augmented Reality) (Record no. 535893)

000 -LEADER
fixed length control field 00609nam a22001577a 4500
020 ## - INTERNATIONAL STANDARD BOOK NUMBER
Qualifying information Hard Cover.
100 ## - MAIN ENTRY--PERSONAL NAME
Personal name Muhammd Usman Ishtaq ; Zaman Asif, Sarmead Shabbir
245 ## - TITLE STATEMENT
Title SLAR (Smart Learning Using Augmented Reality)
Statement of responsibility, etc. Muhammd Usman Ishtaq ; Zaman Asif, Sarmead Shabbir
260 ## - PUBLICATION, DISTRIBUTION, ETC.
Place of publication, distribution, etc. Islamabad :
Name of publisher, distributor, etc. SEECS - NUST,
Date of publication, distribution, etc. 2018.
300 ## - PHYSICAL DESCRIPTION
Extent Var. p. : ill. ;
Dimensions 30cm.
650 ## - SUBJECT ADDED ENTRY--TOPICAL TERM
Topical term or geographic name entry element Software Engineering-Project Report
700 ## - ADDED ENTRY--PERSONAL NAME
Personal name Dr. Qaiser Riaz.
856 ## - Uniform Resource Identifier
Uniform Resource Identifier <a href="http://10.250.8.41:8080/xmlui/handle/123456789/29602">http://10.250.8.41:8080/xmlui/handle/123456789/29602</a>
942 ## - ADDED ENTRY ELEMENTS (KOHA)
Source of classification or shelving scheme
Koha item type Thesis
650 ## - SUBJECT ADDED ENTRY--TOPICAL TERM
-- 30818
700 ## - ADDED ENTRY--PERSONAL NAME
-- 19301
Holdings
Withdrawn status Lost status Source of classification or shelving scheme Damaged status Not for loan Permanent Location Current Location Shelving location Date acquired Full call number Barcode Date last seen Price effective from Koha item type
WITHDRAWN         Central Library (CL) Central Library (CL) Thesis 09/28/2020 004 CL-BP-276 09/28/2020 09/28/2020 Project Report
© 2023 Central Library, National University of Sciences and Technology. All Rights Reserved.